000 00615nam a2200205Ii 4500
001 10528
003 CO-ViMGA
008 241108s9999||||xx |||||||||||||| ||und||
040 _aCO-ViMGA
_bspa
_erda
_cCO-ViMGA
041 0 _aunk
082 0 4 _a923-P126
100 1 _aCarlos Delgado Nieto
_953843
245 1 0 _aJosé Padilla :
_bestampa de un almirante
264 1 _a[Lugar de publicación no identificado] : Igueima, 1951
300 _avolumen
336 _atext
_btxt
_2rdacontent
337 _aunmediated
_bn
_2rdamedia
338 _avolume
_bnc
_2rdacarrier
940 _aidficha_siabuc: 10275. -- ficha_no_siabuc:10528
999 _c50613
_d50613